Quiz phoques - Statistiques

Statistiques générales
  • Ce quiz a été pris 90 fois
  • Le résultat moyen est 6 sur 15
Statistiques - réponses
Question Réponse % Correct
Quelle est la famille des phoques ? Phocidés
84%
Quel est le plus gros phoque ? Éléphant de mer
69%
Le phoque peut rester immergé sous l'eau jusqu'à (en minutes) 30
56%
Où ne vivent pas les phoques ? Amérique du Sud
56%
Qu'est-ce que les phoques ne mangent pas ? Méduse
56%
Quel phoque n’existe pas? Le jaguar de mer sud-américain
53%
Sur la terre, les phoques se déplacent plus facilement que les otaries Faux
44%
Nom de la fourrure du bébé phoque Blanchon
41%
Nombre d'espèces de phoques ? 18
34%
Espérance de vie du phoque commun mâle 25
31%
Où vivent les rares phoques annelés du lac Saimaa? Finlande
22%
Nombre total de phoque commun dans le monde 600 000
19%
Longueur maximale des dents de morse 1m
16%
Combien de dents ont les phoques ? 20
6%
Le phoque et le morse ont le même poids Même poids
6%
Aucun quiz correspondant
Distribution des résultats
% des personnes avec chaque résultat
Percentile par nombre de réponses
Votre historique - résultats
Vous n’avez pas pris ce quiz